000 00515nam a2200169 4500
001 109022
003 ES-MaACL
005 20230906184748.0
007 t|
008 061121s1933 fr r ||||1| fre d
100 1 _aMirkine Guetzévitch, B.
_981592
245 1 0 _aDocuments de politique contemporaine
_b: L'Espagne /
_cpar B. Mirkine Guetzévitch et Egidio Reale.
260 _aParís :
_bDelagrave,
_c1933.
300 _a128 p. ;
_c19 x 12 cm.
700 1 _aReale, Egidio.
_995686
852 _aES-MaACL
_jB-12589
999 _c109022
_d109022